[Event "75 Bulgarian Individual Men"]
[Site "Bankya"]
[Date "2011.04.11"]
[Round "1.1"]
[White "Popchev, Milko"]
[Black "Chatalbashev, Boris"]
[Result "1/2-1/2"]
[WhiteElo "2465"]
[BlackElo "2602"]
[PlyCount "81"]
[EventDate "2011.04.11"]

1. d4 Nf6 2. c3 c5 3. Nf3 e6 4. e3 b6 5. Bd3 Bb7 6. O-O Be7 7. Qe2 d5 8. Nbd2
O-O 9. dxc5 bxc5 10. e4 Nc6 11. Re1 Qb6 12. e5 Nd7 13. Nf1 a5 14. Bc2 Ba6 15.
Qe3 Bxf1 16. Kxf1 c4 17. Qf4 f5 18. exf6 Nxf6 19. Qe3 Qxe3 20. Rxe3 Nd8 21. Re2
a4 22. Rb1 Ra6 23. Be3 Nc6 24. Nd4 Nxd4 25. Bxd4 Rb8 26. b4 axb3 27. axb3 cxb3
28. Rxb3 Rxb3 29. Bxb3 Kf7 30. c4 Ra3 31. Rb2 Ne4 32. Ba2 dxc4 33. Rc2 Rd3 34.
Be5 Rd5 35. Bf4 Rf5 36. Be3 c3 37. Ke2 Bb4 38. f3 Nf6 39. Bb3 Ra5 40. Ra2 Rxa2+
41. Bxa2 1/2-1/2

*

[Event "75 Bulgarian Individual Men"]
[Site "Bankya"]
[Date "2011.04.11"]
[Round "1.2"]
[White "Nikolov, Sasho"]
[Black "Lalev, Dimitar"]
[Result "1-0"]
[WhiteElo "2429"]
[BlackElo "2389"]
[PlyCount "63"]
[EventDate "2011.04.11"]

1. e4 c5 2. Nf3 Nc6 3. Bb5 e5 4. O-O Nge7 5. Re1 g6 6. c3 Bg7 7. d3 O-O 8. a3
d6 9. b4 h6 10. Nbd2 Kh7 11. Nc4 cxb4 12. axb4 Be6 13. Bxc6 bxc6 14. Be3 Qc7
15. Na5 f5 16. h3 f4 17. Bd2 Bf6 18. d4 h5 19. c4 g5 20. c5 g4 21. cxd6 Qxd6
22. dxe5 Bxe5 23. Nb7 Qb8 24. Ng5+ Kg6 25. Nxe6 Rf6 26. Nec5 f3 27. g3 Bxg3 28.
e5 Bxe5 29. Nd7 Bh2+ 30. Kh1 Qxb7 31. Rxe7 Qb5 32. Ra5 1-0

*

[Event "75 Bulgarian Individual Men"]
[Site "Bankya"]
[Date "2011.04.11"]
[Round "1.3"]
[White "Delchev, Aleksander"]
[Black "Rusev, Krasimir"]
[Result "1/2-1/2"]
[WhiteElo "2625"]
[BlackElo "2536"]
[PlyCount "98"]
[EventDate "2011.04.11"]

1. c4 e6 2. g3 Nf6 3. Bg2 d5 4. Nf3 dxc4 5. Na3 Bxa3 6. bxa3 b5 7. a4 a6 8. Rb1
Bb7 9. axb5 Be4 10. d3 cxd3 11. exd3 Qxd3 12. Qxd3 Bxd3 13. Rb3 Be4 14. O-O
axb5 15. Ne5 Bxg2 16. Kxg2 Nbd7 17. Rxb5 Nxe5 18. Rxe5 Rxa2 19. Rb5 O-O 20. Bb2
Nd5 21. Rc1 f6 22. Rc6 Kf7 23. f4 Rd8 24. Kf3 Rd7 25. Rcc5 Nb6 26. Rc6 h5 27.
Rb3 Nd5 28. h3 Ne7 29. Rc2 Ra4 30. g4 hxg4+ 31. hxg4 Nd5 32. Bc1 Rd8 33. Rd3
Rd6 34. Rxc7+ Nxc7 35. Rxd6 Rc4 36. Bd2 Ke7 37. Rd3 e5 38. fxe5 fxe5 39. Bg5+
Ke6 40. Rd8 e4+ 41. Kg3 Nd5 42. Re8+ Kd6 43. Rg8 Rc3+ 44. Kh4 Rc7 45. Re8 Rc4
46. Rg8 e3 47. Re8 Rc3 48. Kg3 e2+ 49. Kf2 Nf6 1/2-1/2

*

[Event "75 Bulgarian Individual Men"]
[Site "Bankya"]
[Date "2011.04.11"]
[Round "1.4"]
[White "Pantev, Veselin"]
[Black "Enchev, Ivajlo"]
[Result "0-1"]
[WhiteElo "2396"]
[BlackElo "2431"]
[PlyCount "102"]
[EventDate "2011.04.11"]

1. d4 Nf6 2. Nf3 e6 3. g3 d5 4. Bg2 b5 5. O-O c5 6. Bg5 Nbd7 7. Nbd2 h6 8. Bxf6
Nxf6 9. c3 Bd6 10. dxc5 Bxc5 11. Nd4 Bd7 12. e4 dxe4 13. Nxe4 Nxe4 14. Bxe4 Rc8
15. Qd3 Qb6 16. Nb3 Be7 17. Rfd1 Rc7 18. Qd4 Qxd4 19. Rxd4 Bf6 20. Rd6 Ke7 21.
Rad1 Be5 22. R6d2 Rb8 23. a3 g5 24. h3 Rb6 25. Kf1 Rd6 26. Ke2 f5 27. Rxd6 Bxd6
28. Bd3 e5 29. Rg1 h5 30. Nd2 Bc5 31. Rc1 Bb6 32. Rh1 e4 33. Bb1 Bc6 34. Rd1
Rd7 35. Bc2 Rd6 36. Rf1 Re6 37. Bb3 Re5 38. Rd1 f4 39. gxf4 gxf4 40. Rg1 f3+
41. Kf1 Kf6 42. Rg8 Bd7 43. Rf8+ Kg5 44. h4+ Kg4 45. Bd1 Bf5 46. Ke1 {Diagram #
} Bxf2+ 47. Kxf2 e3+ 48. Ke1 e2 49. Rg8+ Kf4 50. Bxe2 Rxe2+ 51. Kd1 Rg2 0-1

*

[Event "75 Bulgarian Individual Men"]
[Site "Bankya"]
[Date "2011.04.11"]
[Round "1.5"]
[White "Berbatov, Kiprian"]
[Black "Spasov, Vasil"]
[Result "0-1"]
[WhiteElo "2454"]
[BlackElo "2590"]
[PlyCount "62"]
[EventDate "2011.04.11"]

1. e4 c5 2. Nf3 Nc6 3. d4 cxd4 4. Nxd4 Nf6 5. Nc3 e5 6. Ndb5 d6 7. Bg5 a6 8.
Na3 b5 9. Bxf6 gxf6 10. Nd5 f5 11. Bd3 Be6 12. c3 Bxd5 13. exd5 Ne7 14. Nxb5
Bg7 15. Na3 O-O 16. O-O e4 17. Bc2 Rc8 18. Bb3 f4 19. Qc2 f5 20. f3 e3 21. Qe2
Ng6 22. Nc2 a5 23. Rad1 Kh8 24. Nd4 Bxd4 25. Rxd4 Rc7 26. Kh1 Rg7 27. Rg1 Rfg8
28. g3 fxg3 29. hxg3 f4 30. g4 Ne5 31. Bd1 Nxf3 0-1

*

[Event "75 Bulgarian Individual Men"]
[Site "Bankya"]
[Date "2011.04.11"]
[Round "1.6"]
[White "Nikolov, Momchil"]
[Black "Radulski, Julian"]
[Result "1/2-1/2"]
[WhiteElo "2571"]
[BlackElo "2586"]
[PlyCount "62"]
[EventDate "2011.04.11"]

1. d4 d5 2. c4 e6 3. Nc3 Nf6 4. cxd5 exd5 5. Bg5 Be7 6. e3 O-O 7. Nf3 c6 8. Bd3
Nbd7 9. O-O Re8 10. Qc2 Nf8 11. h3 g6 12. Ne5 Ne6 13. Bh6 Ng7 14. g4 Nd7 15. f4
Nxe5 16. fxe5 Be6 17. Rf4 Rc8 18. Raf1 Rf8 19. Qf2 c5 20. Ne2 cxd4 21. exd4 Rc6
22. Rf3 Rb6 23. Nf4 Bh4 24. Qe3 Bg5 25. Bxg5 Qxg5 26. Nxd5 Qxe3+ 27. Nxe3 Bxa2
28. d5 Rb3 29. Bc2 Rxb2 30. e6 Nxe6 31. dxe6 Bxe6 1/2-1/2

*

[Event "75 Bulgarian Individual Men"]
[Site "Bankya"]
[Date "2011.04.11"]
[Round "1.7"]
[White "Ninov, Nikolai"]
[Black "Arnaudov, G  Petar"]
[Result "1-0"]
[WhiteElo "2543"]
[BlackElo "2453"]
[PlyCount "49"]
[EventDate "2011.04.11"]

1. e4 e5 2. Nf3 Nc6 3. Bb5 a6 4. Ba4 Nf6 5. O-O Be7 6. Qe2 b5 7. Bb3 Bb7 8. c3
d5 9. d4 dxe4 10. Nxe5 O-O 11. Rd1 Qc8 12. Nd2 Bd6 13. f4 exf3 14. Ndxf3 Qf5
15. Nh4 Qc8 16. Rf1 Nxe5 17. dxe5 Bc5+ 18. Be3 Bxe3+ 19. Qxe3 Nd5 20. Qg3 Ne7
21. Rae1 c5 22. e6 c4 23. exf7+ Rxf7 24. Rxf7 Kxf7 25. Qf2+ 1-0

*

[Event "75 Bulgarian Individual Men"]
[Site "Bankya"]
[Date "2011.04.12"]
[Round "2.1"]
[White "Chatalbashev, Boris"]
[Black "Arnaudov, G  Petar"]
[Result "1/2-1/2"]
[WhiteElo "2602"]
[BlackElo "2453"]
[PlyCount "119"]
[EventDate "2011.04.11"]

1. d4 Nf6 2. c4 e6 3. Nf3 Nc6 4. a3 d6 5. Nc3 g6 6. e4 Bg7 7. Bd3 O-O 8. O-O e5
9. d5 Ne7 10. c5 Ne8 11. cxd6 Nxd6 12. Bg5 h6 13. Bh4 g5 14. Bg3 Ng6 15. Nd2
Nf4 16. Nc4 f5 17. exf5 Nxc4 18. Bxc4 Bxf5 19. f3 Kh8 20. Bf2 a6 21. a4 Qd7 22.
Bc5 Rfd8 23. Rf2 g4 24. fxg4 Bxg4 25. Qd2 c6 26. d6 b5 27. Ba2 Be6 28. Bb1 Rg8
29. Be4 Bc4 30. Kh1 Rgf8 31. Rd1 Ne6 32. Rxf8+ Rxf8 33. Be3 Rf6 34. axb5 axb5
35. Ra1 Nd4 36. Bd3 Nb3 37. Ra8+ Rf8 38. Rxf8+ Bxf8 39. Qf2 Qxd6 40. Ne4 Qe7
41. Bxc4 bxc4 42. Qf1 Nd4 43. Qxc4 Qh4 44. Qf1 Bg7 45. Nd6 Qg4 46. h3 Qe6 47.
Ne4 Qd5 48. Nc3 Qb3 49. Qf2 Nc2 50. Bc1 Nb4 51. Qh4 Kh7 52. Qe4+ Kh8 53. Qh4
Kh7 54. Qe4+ Kh8 55. Kh2 Qc2 56. Qxc2 Nxc2 57. Kg3 Kg8 58. Kg4 Ne1 59. Bd2 Nxg2
60. Kg3 1/2-1/2

[Event "75 Bulgarian Individual Men"]
[Site "Bankya"]
[Date "2011.04.12"]
[Round "2.2"]
[White "Radulski, Julian"]
[Black "Ninov, Nikolai"]
[Result "0-1"]
[WhiteElo "2586"]
[BlackElo "2543"]
[PlyCount "68"]
[EventDate "2011.04.11"]

1. e4 c5 2. Nf3 d6 3. d4 Nf6 4. Nc3 cxd4 5. Nxd4 g6 6. Be2 Bg7 7. O-O Nc6 8.
Be3 O-O 9. Nb3 b6 10. Qd2 Bb7 11. Rad1 Ne5 12. f3 Rc8 13. Bh6 Qc7 14. Bxg7 Kxg7
15. Qe3 Rfd8 16. Nb5 Qb8 17. N5d4 d5 18. Qg5 e6 19. f4 Nc4 20. e5 Ne4 21. Qh4
Ne3 22. Rd3 Nxf1 23. Rh3 h5 24. Kxf1 Rh8 25. Nxe6+ fxe6 26. Qe7+ Kg8 27. Qxe6+
Kg7 28. f5 Rh6 29. Nd4 Rf8 30. f6+ Nxf6 31. Rf3 Ng8 32. Qd7+ Kh8 33. Ne6 Rxf3+
34. Bxf3 Rh7 0-1

[Event "75 Bulgarian Individual Men"]
[Site "Bankya"]
[Date "2011.04.12"]
[Round "2.3"]
[White "Spasov, Vasil"]
[Black "Nikolov, Momchil"]
[Result "1/2-1/2"]
[WhiteElo "2590"]
[BlackElo "2571"]
[PlyCount "65"]
[EventDate "2011.04.11"]

1. e4 c5 2. Nf3 e6 3. d4 cxd4 4. Nxd4 a6 5. Bd3 Nf6 6. O-O Qc7 7. Qe2 d6 8. c4
g6 9. Nc3 Bg7 10. Nf3 Nc6 11. Bf4 e5 12. Be3 Bg4 13. h3 Nd4 14. Bxd4 Bxf3 15.
Qxf3 exd4 16. Nd5 Nxd5 17. cxd5 Rc8 18. Qf4 O-O 19. Rfc1 Qb6 20. Qd2 Rfe8 21.
Rxc8 Rxc8 22. Rc1 Rc5 23. g3 Qc7 24. Rxc5 Qxc5 25. Kg2 h5 26. h4 Bf6 27. Be2
Kg7 28. Bd3 Bd8 29. Qc2 Qxc2 30. Bxc2 Ba5 31. Bd3 Kf6 32. f4 Be1 33. Kf3
1/2-1/2

[Event "75 Bulgarian Individual Men"]
[Site "Bankya"]
[Date "2011.04.12"]
[Round "2.4"]
[White "Enchev, Ivajlo"]
[Black "Berbatov, Kiprian"]
[Result "0-1"]
[WhiteElo "2431"]
[BlackElo "2454"]
[PlyCount "46"]
[EventDate "2011.04.11"]

1. d4 Nf6 2. c4 g6 3. Nc3 Bg7 4. e4 d6 5. f3 O-O 6. Be3 c5 7. d5 e6 8. Qd2 exd5
9. cxd5 Re8 10. Nge2 Nbd7 11. Nc1 a6 12. a4 Nh5 13. g4 Ne5 14. Qg2 Qh4+ 15. Bf2
Nxf3+ 16. Qxf3 Bxg4 17. Qd3 Bxc3+ 18. bxc3 Qf6 19. Ne2 Bf3 20. Rg1 Rxe4 21. Kd2
Rae8 22. Ng3 Nxg3 23. Bxg3 c4 0-1

[Event "75 Bulgarian Individual Men"]
[Site "Bankya"]
[Date "2011.04.12"]
[Round "2.5"]
[White "Rusev, Krasimir"]
[Black "Pantev, Veselin"]
[Result "1/2-1/2"]
[WhiteElo "2536"]
[BlackElo "2396"]
[PlyCount "81"]
[EventDate "2011.04.11"]

1. d4 Nf6 2. c4 e6 3. Nc3 Bb4 4. Qc2 O-O 5. a3 Bxc3+ 6. Qxc3 Qe8 7. f3 d5 8.
Bg5 Nbd7 9. e3 h6 10. Bh4 dxc4 11. Bxc4 Nd5 12. Bxd5 exd5 13. Ne2 b6 14. Kf2 c5
15. dxc5 bxc5 16. Rhd1 Bb7 17. b4 Rc8 18. bxc5 Nxc5 19. Qb4 Qd7 20. Rac1 Ne6
21. Bg3 Rxc1 22. Rxc1 Rc8 23. Rxc8+ Qxc8 24. Be5 Ba6 25. Nc3 Bc4 26. h4 a6 27.
Qb6 Qd7 28. Bd6 h5 29. Qb8+ Kh7 30. Qb6 Kg8 31. f4 f6 32. Kg1 Nd8 33. Qb8 Kh7
34. Bc5 Nf7 35. Qb1+ Kg8 36. Qb8+ Kh7 37. Qb1+ Kg8 38. Qg6 Qg4 39. Qxg4 hxg4
40. Kf2 Nh6 41. e4 1/2-1/2

[Event "75 Bulgarian Individual Men"]
[Site "Bankya"]
[Date "2011.04.12"]
[Round "2.6"]
[White "Lalev, Dimitar"]
[Black "Delchev, Aleksander"]
[Result "1/2-1/2"]
[WhiteElo "2389"]
[BlackElo "2625"]
[PlyCount "73"]
[EventDate "2011.04.11"]

1. d4 Nf6 2. c4 g6 3. Nc3 d5 4. cxd5 Nxd5 5. e4 Nxc3 6. bxc3 Bg7 7. Be3 c5 8.
Qd2 cxd4 9. cxd4 Nc6 10. Nf3 Bg4 11. Bb5 Bxf3 12. gxf3 Qb6 13. Bxc6+ Qxc6 14.
O-O O-O 15. Rac1 Qd7 16. Kg2 f5 17. e5 Rad8 18. f4 Qd5+ 19. f3 Rc8 20. Rc2 Rxc2
21. Qxc2 e6 22. Rc1 Qd7 23. Qc7 Rd8 24. Bf2 Bf8 25. Bh4 Qxc7 26. Rxc7 Rxd4 27.
Rxb7 Rxf4 28. Kg3 Ra4 29. Bf6 Bh6 30. Rb8+ Kf7 31. Rb7+ Kg8 32. Rb8+ Kf7 33. h4
Bf4+ 34. Kf2 Rxa2+ 35. Kf1 Ra1+ 36. Kf2 Ra2+ 37. Kf1 1/2-1/2

[Event "75 Bulgarian Individual Men"]
[Site "Bankya"]
[Date "2011.04.13"]
[Round "3.1"]
[White "Nikolov, Sasho"]
[Black "Chatalbashev, Boris"]
[Result "0-1"]
[WhiteElo "2429"]
[BlackElo "2602"]
[PlyCount "160"]
[EventDate "2011.04.11"]

1. d4 Nf6 2. c4 e6 3. Nc3 c5 4. d5 exd5 5. cxd5 d6 6. e4 g6 7. Nf3 a6 8. h3 b5
9. Bd3 Bg7 10. O-O O-O 11. Re1 c4 12. Bc2 Nbd7 13. a3 Bb7 14. Bg5 Re8 15. Qd2
Rc8 16. Rad1 Qb6 17. Bh6 a5 18. Bxg7 Kxg7 19. Nd4 Ba6 20. Re3 b4 21. Na4 Qb7
22. Nc6 b3 23. Bb1 Bb5 24. Nc3 Bxc6 25. dxc6 Rxc6 26. f4 Qb6 27. Kh1 h6 28.
Rde1 Qc5 29. Qe2 Rcc8 30. Qf3 Qh5 31. Qg3 Re6 32. Ne2 Qc5 33. Nc3 Rce8 34. Qf3
Qc6 35. R3e2 Nc5 36. Kh2 h5 37. Re3 h4 38. Ne2 R6e7 39. Nd4 Qb6 40. e5 dxe5 41.
fxe5 Nfd7 42. Qg4 Rxe5 43. Nf5+ Rxf5 44. Bxf5 Qd6+ 45. Kh1 Nf6 46. Qxh4 Rxe3
47. Rxe3 Qd2 48. Qg3 Qxb2 49. Re7 Qc1+ 50. Kh2 g5 51. Re3 g4 52. Qf4 Ne6 53.
Qe5 b2 54. Rg3 Qf4 55. Qxb2 Qxf5 56. Rxg4+ Ng5 57. Rxc4 Nge4 58. Qb8 Nd7 59.
Qb2+ Ne5 60. Ra4 Qf4+ 61. Kg1 Qe3+ 62. Kh2 Nc3 63. Rxa5 Nc4 64. Rg5+ Kh6 65.
Qb4 Kxg5 66. Qxc4 Qe5+ 67. g3 Ne4 68. h4+ Kh6 69. Qc1+ Kg6 70. Qe3 f5 71. Kg2
Qb2+ 72. Kf3 Qb1 73. Kf4 Qb8+ 74. Kf3 Qxg3+ 75. Ke2 Qg4+ 76. Kd3 Qd1+ 77. Kc4
Qa4+ 78. Kd5 Qb5+ 79. Ke6 Qc6+ 80. Ke7 Qd6+ 0-1

[Event "75 Bulgarian Individual Men"]
[Site "Bankya"]
[Date "2011.04.13"]
[Round "3.2"]
[White "Delchev, Aleksander"]
[Black "Popchev, Milko"]
[Result "1-0"]
[WhiteElo "2625"]
[BlackElo "2465"]
[PlyCount "98"]
[EventDate "2011.04.11"]

1. c4 f5 2. Nc3 Nf6 3. g3 e6 4. Bg2 d5 5. cxd5 exd5 6. Nf3 Be7 7. O-O O-O 8. e3
c6 9. b3 Ne4 10. Bb2 Bf6 11. Qc1 Na6 12. Ne2 Nc7 13. d3 Bxb2 14. Qxb2 Nd6 15.
h4 Qf6 16. Qxf6 Rxf6 17. Rfc1 Bd7 18. Ne5 Be8 19. Nd4 Nf7 20. Nxf7 Bxf7 21. b4
Ne6 22. Nb3 Nd8 23. a4 Rd6 24. b5 Kf8 25. Rab1 Be8 26. Nd4 g6 27. bxc6 bxc6 28.
a5 Bd7 29. Rb4 Ne6 30. Nxe6+ Rxe6 31. Rb7 Re7 32. d4 Be8 33. Rcb1 Rd8 34. Bf3
Rxb7 35. Rxb7 Rd7 36. a6 Ke7 37. g4 Kd6 38. Rb8 Re7 39. gxf5 gxf5 40. Kh2 f4
41. exf4 Bg6 42. Bg4 Bd3 43. f5 Bxa6 44. Bh5 Rb7 45. Re8 Re7 46. Rh8 Re4 47.
Kg3 Kd7 48. Re8 Kd6 49. Kh2 Bd3 1-0

[Event "75 Bulgarian Individual Men"]
[Site "Bankya"]
[Date "2011.04.13"]
[Round "3.3"]
[White "Pantev, Veselin"]
[Black "Lalev, Dimitar"]
[Result "1-0"]
[WhiteElo "2396"]
[BlackElo "2389"]
[PlyCount "79"]
[EventDate "2011.04.11"]

1. d4 Nf6 2. Nf3 c5 3. e3 g6 4. c4 Bg7 5. Nc3 O-O 6. d5 d6 7. Be2 e6 8. O-O
exd5 9. cxd5 Na6 10. Re1 Nc7 11. e4 Re8 12. Bf1 Bg4 13. Bg5 h6 14. Bh4 g5 15.
Bg3 Nh5 16. Qd3 b5 17. Nd2 c4 18. Qc2 Nxg3 19. hxg3 Bd4 20. Nf3 Bxf3 21. gxf3
Qf6 22. Kg2 Rab8 23. Rab1 b4 24. e5 dxe5 25. Ne4 Qg6 26. Bxc4 Kg7 27. Rbc1 Red8
28. d6 Ne8 29. Bd3 Nxd6 30. Qa4 Nxe4 31. Bxe4 Qf6 32. Rc6 Rd6 33. Rec1 Bxb2 34.
Rxd6 Qxd6 35. Rc6 Qd2 36. Qxa7 Rf8 37. Rg6+ Kh8 38. Rxh6+ Kg8 39. Qa6 Qd8 40.
Rh8+ 1-0

[Event "75 Bulgarian Individual Men"]
[Site "Bankya"]
[Date "2011.04.13"]
[Round "3.4"]
[White "Berbatov, Kiprian"]
[Black "Rusev, Krasimir"]
[Result "1/2-1/2"]
[WhiteElo "2454"]
[BlackElo "2536"]
[PlyCount "86"]
[EventDate "2011.04.11"]

1. e4 e5 2. Nf3 Nc6 3. Nc3 Nf6 4. Bb5 Bd6 5. d3 a6 6. Ba4 h6 7. Ne2 b5 8. Bb3
O-O 9. c3 Re8 10. Ng3 Bf8 11. O-O d5 12. exd5 Nxd5 13. Re1 Nf6 14. Qe2 Bb7 15.
Bd2 Qd7 16. Rad1 Rad8 17. Bc1 Qc8 18. a3 Nd7 19. Ba2 Nc5 20. b4 Nd7 21. Nh5 Ne7
22. Nh4 Nd5 23. Bxh6 gxh6 24. Qg4+ Kh8 25. Qf5 N7f6 26. Nxf6 Qxf5 27. Nxf5 Nxf6
28. Bxf7 Bc8 29. Bxe8 Rxe8 30. Ng3 Bd6 31. c4 c6 32. Ne4 Nxe4 33. dxe4 Be7 34.
Rc1 a5 35. cxb5 axb4 36. Rxc6 bxa3 37. b6 Ba6 38. Re6 Kg7 39. Rxe5 Bb7 40. Ra1
Kf7 41. Ra5 Bxe4 42. R5xa3 Bxa3 43. Rxa3 Bd5 1/2-1/2

[Event "75 Bulgarian Individual Men"]
[Site "Bankya"]
[Date "2011.04.13"]
[Round "3.5"]
[White "Nikolov, Momchil"]
[Black "Enchev, Ivajlo"]
[Result "1/2-1/2"]
[WhiteElo "2571"]
[BlackElo "2431"]
[PlyCount "83"]
[EventDate "2011.04.11"]

1. d4 d5 2. c4 c6 3. Nf3 Nf6 4. Nc3 e6 5. Bg5 h6 6. Bxf6 Qxf6 7. Qb3 Nd7 8. e4
dxe4 9. Nxe4 Qf4 10. Bd3 Be7 11. O-O O-O 12. Rfe1 c5 13. d5 exd5 14. cxd5 Nb6
15. Ng3 Bf6 16. Nh5 Qd6 17. Nxf6+ Qxf6 18. Rac1 Qd6 19. Qa3 Nxd5 20. Qxc5 Qxc5
21. Rxc5 Be6 22. a3 b6 23. Rc2 Rac8 24. Nd4 Nf4 25. Be4 Bd5 26. Bxd5 Nxd5 27.
Nc6 Rfe8 28. Rxe8+ Rxe8 29. Kf1 Rc8 30. Ke2 Kf8 31. Kd2 Rc7 32. b4 Ne7 33. Nd4
Rxc2+ 34. Kxc2 Ke8 35. Kd3 Kd7 36. Kc4 a6 37. f4 Kd6 38. b5 a5 39. g4 g6 40.
Ne2 Nd5 41. Kd4 Nc7 42. Ke4 1/2-1/2

[Event "75 Bulgarian Individual Men"]
[Site "Bankya"]
[Date "2011.04.13"]
[Round "3.6"]
[White "Ninov, Nikolai"]
[Black "Spasov, Vasil"]
[Result "1/2-1/2"]
[WhiteElo "2543"]
[BlackElo "2590"]
[PlyCount "62"]
[EventDate "2011.04.11"]

1. e4 c5 2. Nf3 Nc6 3. d4 cxd4 4. Nxd4 Nf6 5. Nc3 e5 6. Ndb5 d6 7. Bg5 a6 8.
Na3 b5 9. Nd5 Be7 10. Bxf6 Bxf6 11. c3 O-O 12. Nc2 Bg5 13. a4 bxa4 14. Rxa4 a5
15. Bc4 Rb8 16. Ra2 Kh8 17. Nce3 Bxe3 18. Nxe3 Ne7 19. O-O f5 20. exf5 Nxf5 21.
Nxf5 Bxf5 22. b3 Be4 23. Bd5 Bxd5 24. Qxd5 Qc7 25. Qxa5 Qxa5 26. Rxa5 Rxb3 27.
Rd5 Rf6 28. Rfd1 Kg8 29. f3 Rxc3 30. Rxd6 Rxd6 31. Rxd6 Kf7 1/2-1/2

[Event "75 Bulgarian Individual Men"]
[Site "Bankya"]
[Date "2011.04.13"]
[Round "3.7"]
[White "Arnaudov, G  Petar"]
[Black "Radulski, Julian"]
[Result "0-1"]
[WhiteElo "2453"]
[BlackElo "2586"]
[PlyCount "30"]
[EventDate "2011.04.11"]

1. Nf3 d5 2. c4 e6 3. g3 Nf6 4. Bg2 Be7 5. O-O O-O 6. d4 Nc6 7. Nc3 dxc4 8. e3
Rb8 9. Nd2 e5 10. Bxc6 exd4 11. Bb5 dxc3 12. bxc3 Bh3 13. Bxc4 b5 14. Be2 Bxf1
15. Qxf1 Nd5 0-1

[Event "75 Bulgarian Individual Men"]
[Site "Bankya"]
[Date "2011.04.14"]
[Round "4.1"]
[White "Chatalbashev, Boris"]
[Black "Radulski, Julian"]
[Result "1/2-1/2"]
[WhiteElo "2602"]
[BlackElo "2586"]
[PlyCount "61"]
[EventDate "2011.04.11"]

1. d4 d5 2. c4 e6 3. Nc3 Be7 4. cxd5 exd5 5. Bf4 Nf6 6. e3 O-O 7. Bd3 c5 8. Nf3
Nc6 9. O-O c4 10. Bc2 a6 11. Ne5 Be6 12. Nxc6 bxc6 13. b3 c5 14. dxc5 Bxc5 15.
Be5 Ng4 16. Bf4 f5 17. Ne2 g5 18. Bg3 Qf6 19. h3 Ne5 20. Bxe5 Qxe5 21. Nd4 Rae8
22. Qd2 f4 23. Rad1 fxe3 24. Qxe3 Qxe3 25. fxe3 Rxf1+ 26. Kxf1 Bf7 27. Kf2 Kg7
28. g4 Kf6 29. Rf1 Bxd4 30. exd4 h5 31. Re1 1/2-1/2

[Event "75 Bulgarian Individual Men"]
[Site "Bankya"]
[Date "2011.04.14"]
[Round "4.2"]
[White "Spasov, Vasil"]
[Black "Arnaudov, G  Petar"]
[Result "1/2-1/2"]
[WhiteElo "2590"]
[BlackElo "2453"]
[PlyCount "61"]
[EventDate "2011.04.11"]

1. e4 c6 2. d4 d5 3. Nd2 dxe4 4. Nxe4 Bf5 5. Ng3 Bg6 6. h4 h6 7. Nf3 Nd7 8. h5
Bh7 9. Bd3 Bxd3 10. Qxd3 e6 11. Bd2 Ngf6 12. O-O-O Be7 13. Ne4 Nxe4 14. Qxe4
Nf6 15. Qd3 O-O 16. g4 Nxg4 17. Rhg1 f5 18. Qe2 Kh7 19. Qxe6 Qd6 20. Rde1 Qxe6
21. Rxe6 Bf6 22. Ne5 Rfe8 23. Rxe8 Rxe8 24. Nxg4 fxg4 25. Rxg4 Rd8 26. Be3 Rd5
27. Kd2 Rxh5 28. Rg1 Ra5 29. a3 h5 30. Kd3 g5 31. Ke4 1/2-1/2

[Event "75 Bulgarian Individual Men"]
[Site "Bankya"]
[Date "2011.04.14"]
[Round "4.3"]
[White "Enchev, Ivajlo"]
[Black "Ninov, Nikolai"]
[Result "1/2-1/2"]
[WhiteElo "2431"]
[BlackElo "2543"]
[PlyCount "62"]
[EventDate "2011.04.11"]

1. d4 d5 2. c4 e6 3. Nf3 Nf6 4. Nc3 c5 5. e3 dxc4 6. Bxc4 a6 7. a4 Nc6 8. O-O
Be7 9. Qe2 cxd4 10. Rd1 e5 11. exd4 exd4 12. Nxd4 Nxd4 13. Qe5 Qd6 14. Qxd4
Qxd4 15. Rxd4 Bc5 16. Rd1 O-O 17. Bg5 Be6 18. Bxe6 fxe6 19. Be3 Bxe3 20. fxe3
Rfd8 21. h3 Kf7 22. Kf2 Ke7 23. Ke2 b6 24. Rd4 Rxd4 25. exd4 Nd5 26. Nxd5+ exd5
27. Rf1 Rc8 28. Kd3 Rc6 29. Rf5 Rg6 30. g4 Rh6 31. Rf3 Rf6 1/2-1/2

[Event "75 Bulgarian Individual Men"]
[Site "Bankya"]
[Date "2011.04.14"]
[Round "4.4"]
[White "Rusev, Krasimir"]
[Black "Nikolov, Momchil"]
[Result "1/2-1/2"]
[WhiteElo "2536"]
[BlackElo "2571"]
[PlyCount "71"]
[EventDate "2011.04.11"]

1. d4 Nf6 2. c4 c5 3. d5 e6 4. Nc3 exd5 5. cxd5 d6 6. e4 g6 7. Nf3 Bg7 8. h3
O-O 9. Bd3 b5 10. Bxb5 Nxe4 11. Nxe4 Qa5+ 12. Nfd2 Qxb5 13. Nxd6 Qa6 14. N2c4
Nd7 15. O-O Ne5 16. Nxc8 Raxc8 17. Nxe5 Bxe5 18. Re1 Qf6 19. Qg4 Bd4 20. Re2 h5
21. Qg3 Rfe8 22. Bg5 Qf5 23. Rd2 Qxd5 24. Bf6 Re6 25. Bxd4 cxd4 26. Rad1 Qxa2
27. b4 Rc2 28. Rxc2 Qxc2 29. Rxd4 Qc1+ 30. Kh2 Re1 31. Qd6 Rh1+ 32. Kg3 Qg5+
33. Kf3 Qf5+ 34. Kg3 Qg5+ 35. Kf3 Qf5+ 36. Kg3 1/2-1/2

[Event "75 Bulgarian Individual Men"]
[Site "Bankya"]
[Date "2011.04.14"]
[Round "4.5"]
[White "Lalev, Dimitar"]
[Black "Berbatov, Kiprian"]
[Result "0-1"]
[WhiteElo "2389"]
[BlackElo "2454"]
[PlyCount "56"]
[EventDate "2011.04.11"]

1. Nf3 Nf6 2. g3 g6 3. b3 Bg7 4. Bb2 d6 5. d4 c5 6. Bg2 cxd4 7. Nxd4 d5 8. c4
dxc4 9. bxc4 Qb6 10. Qb3 Nfd7 11. Nb5 Bxb2 12. Qxb2 O-O 13. N1c3 a6 14. Nd5 Qd8
15. Nbc3 e6 16. Ne3 Nc5 17. O-O f5 18. Rad1 Qc7 19. Rd2 Nc6 20. Rfd1 Bd7 21.
Ncd5 exd5 22. cxd5 Na5 23. d6 Qd8 24. Qe5 Ne6 25. Nd5 Nc4 26. Ne7+ Kf7 27. Qd5
Qb6 28. h4 Bc6 0-1

[Event "75 Bulgarian Individual Men"]
[Site "Bankya"]
[Date "2011.04.14"]
[Round "4.6"]
[White "Popchev, Milko"]
[Black "Pantev, Veselin"]
[Result "1-0"]
[WhiteElo "2465"]
[BlackElo "2396"]
[PlyCount "63"]
[EventDate "2011.04.11"]

1. d4 Nf6 2. Bg5 e6 3. c3 c5 4. e3 b6 5. Nd2 Be7 6. Bd3 Ba6 7. Bc2 Nc6 8. Ne2
Rc8 9. Nf3 cxd4 10. exd4 Nd5 11. Bxe7 Ncxe7 12. O-O f5 13. Re1 O-O 14. Nc1 Ng6
15. Nd3 Bb7 16. Bb3 Ndf4 17. Nxf4 Nxf4 18. g3 Nh3+ 19. Kf1 f4 20. g4 Bxf3 21.
Qxf3 Qh4 22. Qg2 h5 23. gxh5 Kh8 24. Bc2 Qxh5 25. Re5 Qh6 26. Qg4 g5 27. f3 Kg7
28. Rae1 Rf6 29. d5 Re8 30. Kg2 Rh8 31. dxe6 Nf2 32. Rxg5+ 1-0

[Event "75 Bulgarian Individual Men"]
[Site "Bankya"]
[Date "2011.04.14"]
[Round "4.7"]
[White "Nikolov, Sasho"]
[Black "Delchev, Aleksander"]
[Result "0-1"]
[WhiteElo "2429"]
[BlackElo "2625"]
[PlyCount "52"]
[EventDate "2011.04.11"]

1. e4 e5 2. Nf3 Nc6 3. Bb5 a6 4. Ba4 Nf6 5. O-O Be7 6. Re1 b5 7. Bb3 d6 8. c3
O-O 9. d3 Na5 10. Bc2 c5 11. Nbd2 Nc6 12. Nf1 Re8 13. Ng3 h6 14. h3 Be6 15. d4
cxd4 16. cxd4 exd4 17. Nxd4 Nxd4 18. Qxd4 Rc8 19. Bb3 d5 20. e5 Nd7 21. Bd2 Bc5
22. Qd3 Qh4 23. Rad1 Qd4 24. Qxd4 Bxd4 25. Bxh6 Bxe5 26. Bxd5 gxh6 0-1

[Event "75 Bulgarian Individual Men"]
[Site "Bankya"]
[Date "2011.04.14"]
[Round "5.1"]
[White "Delchev, Aleksander"]
[Black "Chatalbashev, Boris"]
[Result "1/2-1/2"]
[WhiteElo "2625"]
[BlackElo "2602"]
[PlyCount "60"]
[EventDate "2011.04.11"]

1. e4 d6 2. d4 Nf6 3. Nc3 g6 4. Nf3 Bg7 5. Be2 O-O 6. O-O c5 7. d5 e6 8. dxe6
Bxe6 9. Bf4 d5 10. exd5 Nxd5 11. Nxd5 Qxd5 12. Qxd5 Bxd5 13. Rfd1 Bc6 14. c3
Nd7 15. Rd2 Rfe8 16. Kf1 Ne5 17. Nxe5 Bxe5 18. Bxe5 Rxe5 19. f3 Rae8 20. Kf2
Kg7 21. Rad1 g5 22. Bf1 h6 23. Rd8 Rxd8 24. Rxd8 Rd5 25. Rxd5 Bxd5 26. a3 Kf6
27. Ke3 Ke5 28. g3 a5 29. Bd3 f6 30. f4+ Kd6 1/2-1/2